000
00278nam a22001337a 4500
003
SGT
020
_a
9789355213099
082
_a
820
_b
S22B
100
_a
BHATIA, RAJ KUMAR
245
_a
STRAY WRITTINGS
260
_b
PRABHAT PAPERBACKS
_c
2022
300
_a
102
942
_2
ddc
_c
BK
999
_c
29265
_d
29265